Ostraca grecs et coptes : des fouilles de Jean Maspero à Baouit : O. Bawit IFAO 1-67 et O. Nancy /

محفوظ في:

المؤلف الرئيسي: Boud'hors, Anne, 1958- (مؤلف)

التنسيق: كتاب

اللغة: French

منشور في: Le Caire : Institut français d'archéologie orientale, 2004.

سلاسل: Bibliotheque d'etudes Coptes ; 17.
BEC ; 17.

الموضوعات:

الوسوم: إضافة وسم

لا توجد وسوم, كن أول من يضع وسما على هذه التسجيلة!

رقم الطلب: PJ2195 .B5 v.17

LEADER 00976nam a22002777a 4500
003 OSt
005 20251027123310.0
008 251027t2004 ua a g b 001 0 fre d
040 |c ARCE Library 
043 |a f-ua--- 
050 1 4 |a PJ2195  |b .B5 v.17 
100 1 |a Boud'hors, Anne,  |d 1958-  |e author 
245 1 0 |a Ostraca grecs et coptes :  |b des fouilles de Jean Maspero à Baouit : O. Bawit IFAO 1-67 et O. Nancy /  |c Anne Boud'hors. 
264 1 |a Le Caire :   |b Institut français d'archéologie orientale,   |c 2004. 
300 |a x, 109 pages :   |b illustrations ;   |c 28 cm. 
490 1 |a Bibliotheque d'etudes Coptes ;   |v 17. 
490 1 |a BEC ;   |v 17. 
504 |a Includes bibliographical references and index. 
650 0 |a Ostraka  |z Egypt  |z Bawit. 
650 0 |a Inscriptions, Greek  |z Egypt  |z Bawit. 
650 0 |a Coptic inscriptions  |z Egypt  |z Bawit. 
830 0 |a Bibliotheque d'etudes Coptes ;   |v 17. 
830 0 |a BEC ;   |v 17. 
901 |a reviewed 
942 |c BK  |2 lcc 
999 |c 16991  |d 16991